Ethics : (Record no. 10910)

MARC details
000 -LEADER
fixed length control field 00676cam a22002172 4500
001 - CONTROL NUMBER
control field 0000007012
005 - DATE AND TIME OF LATEST TRANSACTION
control field 20151217154400.0
008 - FIXED-LENGTH DATA ELEMENTS--GENERAL INFORMATION
fixed length control field 071107s xx 000 0 eng d
020 ## - INTERNATIONAL STANDARD BOOK NUMBER
International Standard Book Number 0851107249 :
Terms of availability KES 790
040 ## - CATALOGING SOURCE
Original cataloging agency KABU
Transcribing agency KABU
100 1# - MAIN ENTRY--PERSONAL NAME
Personal name Holmes, Arthur F.
-- 0000158027
245 10 - TITLE STATEMENT
Title Ethics :
Remainder of title approching moral decisions /
Statement of responsibility, etc. Arthur F. Holmes.
260 ## - PUBLICATION, DISTRIBUTION, ETC. (IMPRINT)
Place of publication, distribution, etc. Downers Grove, ILL :
Name of publisher, distributor, etc. InterVarsity,
Date of publication, distribution, etc. 1984.
300 ## - PHYSICAL DESCRIPTION
Extent 132 p.
650 #0 - SUBJECT ADDED ENTRY--TOPICAL TERM
Topical term or geographic name as entry element Ethics.
-- 0000148122
650 #0 - SUBJECT ADDED ENTRY--TOPICAL TERM
Topical term or geographic name as entry element Christian ethics.
-- 0000148129
852 1# - LOCATION
-- p3500 KES
908 ## - PUT COMMAND PARAMETER (RLIN)
Put command parameter 071107
950 ## - LOCAL HOLDINGS (RLIN)
-- 1
Holdings
Withdrawn status Lost status Source of classification or shelving scheme Not for loan Home library Current library Date acquired Total Checkouts Full call number Barcode Date last seen Date last checked out Price effective from Koha item type
    Library of Congress Classification   Kabarak, Main Campus Kabarak, Main Campus 17/12/2015 3 BJ1012 .H65 010812 02/08/2024 31/08/2020 17/12/2015 General Collection
    Library of Congress Classification   Kabarak, Main Campus Kabarak, Main Campus 17/12/2015 1 BJ1012 .H65 020378 02/08/2024 05/02/2021 17/12/2015 General Collection
Designed with assistance from East African Informatics Ltd